000 00205 a2200097 4500
001 18662
100 _aChapman
245 _aWorkshop technology part I
260 _a
_bArnold
_c1972
090 _c13886
_d13886
942 _aNUST-CAE
_cM
_c4320
999 _c253735
_d253735